000 00756nam a22002177a 4500
999 _c73
_d73
003 AR-CdUCM
008 190221b ||||| |||| 00| 0 spa d
020 _a8402067093
040 _aMUNICIPALIDAD PROVINCIAL DEL CUSCO
_cBIBLIOTECA MUNICIPAL DEL CUSCO
082 _a868.6 /
_bC46
100 _aCela, Camilo Jose
_9347
245 _aLa colmena /
260 _aBuenos Aires :
_bEmecé,
_c1951.
300 _a252 páginas ;
_c18 cm.
440 _aGrandes novelistas ;
_9348
505 _aContenido: Es una de las primeras novelas de posguerra que se enfrenta con la realidad de la sociedad española con la intención de denunciarla.
650 _aRealismo critico
_9349
650 _aNovela picaresca
_9350
942 _2ddc
_cLIBROS
945 _aacv
_d2019-05-03